Score 0/7 Timer 03:00
0 Plays Today
Question Answer Wrong Answers
The Grapes of Wrath, a film adapted from a novel by this author, premieres in the United States.
1940
John Steinbeck
93%
D.H. Lawrence
2.4%
Harper Lee
3.1%
Flannery O'Connor
1%
This man, Prime Minister of the United Kingdom from 1940-45 and 1951-55, dies in London at age 90.
1965
Winston Churchill
92.5%
Neville Chamberlain
4.3%
Anthony Eden
0.8%
Harold Macmillan
1%
Featuring 'Rolling in the Deep', ______ releases her second album, titled 21.
2011
Adele
87.2%
Beyoncé
3.4%
Katy Perry
4.6%
Alicia Keys
2.5%
In Super Bowl XVI, this 49ers QB wins the first of his three career Super Bowl MVP awards.
1982
Joe Montana
83.7%
Steve Young
7.3%
Jerry Rice
5.4%
Roger Craig
1.9%
This American singer-songwriter, of 'Forever in Blue Jeans', is born in Brooklyn, New York.
1941
Neil Diamond
67.6%
Bruce Springsteen
17.5%
Barry Manilow
6.7%
Paul Simon
7.1%
Bucharest is declared as the capital of ______.
1862
Romania
63.6%
Hungary
28.7%
Bulgaria
6.3%
Serbia
1.3%
After losing the federal election to Stephen Harper, Paul Martin resigns as leader of the Liberal party in _______.
2006
Canada
50.7%
Australia
28.5%
Ireland
7.9%
New Zealand
10.9%
Remove Ads.
Support Sporcle.
Get the best of Sporcle when you Go Orange. This ad-free experience offers more features, more stats, and more fun while also helping to support Sporcle. Thank you for becoming a member.

You're not logged in!

Compare scores with friends on all Sporcle quizzes.
OR
Log In

Sporcle TV

Today on Sporcle TV


Watch our educational content, quiz creation guides, and fun videos on Sporcle TV.

Show Comments

Extras

Top Quizzes Today


Score Distribution

Paid Content

Your Account Isn't Verified!

In order to create a playlist on Sporcle, you need to verify the email address you used during registration. Go to your Sporcle Settings to finish the process.

Report this User

Report this user for behavior that violates our Community Guidelines.

Details: